000 00638nam a2200229Ia 4500
008 160319s9999 xx 000 0 und d
020 _a971-574-068-5
050 _aFIL QE 26.3
050 _b.J37 2003
100 _aJarumayan, Germana A.
245 4 _aThe Changing earth /
245 _cGermana A. Jarumayan, Milagros V. Sadili.
260 _aQuezon City:
260 _bKatha Pub. Co., Inc.,
260 _c2003
300 _a322 pages :
300 _billustrations ;
300 _c25 cm.
500 _aIncludes bibliographical references.
650 _aEarth sciences -- Study and teaching.
650 _xEarth sciences.
999 _c291891
_d291891